000 00369nam a2200145Ia 4500
008 210210b1968 xxu||||| |||| 00| 0 eng d
082 _a541.38 LEFN
100 _aLEFORT (Marc).
245 _aNuclear chemistry.
260 _aLondon
_bD Van Nostrand co ltd
_c1968
300 _avii,531
650 _aNuclear chemistry
690 _aPhysical Chemistry
906 _a032950
999 _c83916
_d83916